00418nam a22001337a 450000500170000002000220001703500130003903700130005210000170006524501130008226000480019530000230024370000180026620120501115429.0 a8176291013c00.00 aA-943913 aDPLbENG aRajeev, P.V. aIndia the emerging economic super-power :bAn agenda for the next 50 years /cby P.V. Rajeev and C.K.G. Nair aNew DelhibDeep and Deep Publicationsc1998 aix, 186p.c20 cms. aNair, C.K.G.